Statistiques concernant Les 100 plus grandes villes de France en Hauts de France

Cliquez ici pour prendre le quiz!

Statistiques générales

  • Ce quiz a été pris 74 fois
  • Le résultat moyen est 7 sur 8

Statistiques - réponses

Ville
Population
(en milliers)
% Correct
10Lille234
100%
54Dunkerque86
94%
69Calais72
93%
27Amiens134
90%
43Roubaix98
85%
44Tourcoing98
78%
100Beauvais57
71%
91Villeneuve d'Ascq61
65%

Distribution des résultats

Percentile par nombre de réponses

% des personnes avec chaque résultat

Votre développement - résultats

Vous n’avez pas pris ce quiz